000
00474nam a2200181Ia 4500
008
090124s9999 xx 000 0 und d
082
_b
120510
100
_a
हरकारे अरुण
245
_a
काळसर्प
250
_a
1
260
_c
1984
300
_a
195
600
_a
हरकारे अरुण
630
_a
काळसर्प
700
_a
हरकारे अरुण
730
_a
काळसर्प
942
_c
BOOK
999
_c
166596
_d
166596